000
00325nam a22001457a 4500
999
_c
10207
_d
10207
003
OSt
005
20210217155002.0
008
210217b ||||| |||| 00| 0 eng d
040
_c
DDC
050
_b
W947M
082
_b
W947M
100
_a
Wright, Henry W.
245
_a
A more excellent way: Be in health
942
_2
ddc
_c
BK